Amar Ujala (Record no. 19926)
[ view plain ]
| 000 -LEADER | |
|---|---|
| fixed length control field | 00240nam a22000977a 4500 |
| 008 - FIXED-LENGTH DATA ELEMENTS--GENERAL INFORMATION | |
| fixed length control field | 230301b |||||||| |||| 00| 0 eng d |
| 245 ## - TITLE STATEMENT | |
| Title | Amar Ujala |
| 260 ## - PUBLICATION, DISTRIBUTION, ETC. (IMPRINT) | |
| Place of publication | Jammu |
| Name of publisher | Amar Ujala Publications Ltd |
| Year of publication | 2023 |
| 300 ## - PHYSICAL DESCRIPTION | |
| Number of Pages | 12 |
| 942 ## - ADDED ENTRY ELEMENTS (KOHA) | |
| Source of classification or shelving scheme | Dewey Decimal Classification |
| Koha item type | News Paper |
| Accession Number | Source of acquisition | Price effective from | Koha item type | Withdrawn / writtenoff status | Damaged status | Not for loan | Permanent Location | Current Location | Date acquired | Lost/ Missing status |
|---|---|---|---|---|---|---|---|---|---|---|
| N 8 | Vijay News Agency | 03/01/2023 | News Paper | MIET Library, Jammu | MIET Library, Jammu | 01/01/2023 |